Riconosci il Pokémon - Quiz n°28 - Statistics

Statistiche generali
  • Questo quiz è stato fatto 10 volte
  • Il punteggio medio è 8 su 10
Statistiche sulle risposte
Indizio Risposta % Corretto
Generazione Nona
100%
Altezza 1,8 m
78%
Peso 223,0 kg
78%
Sesso 50% ♂, 50% ♀
78%
Stadio evoluzione Prima evoluzione
78%
Abilità Velenopunte; Assorbacqua; Imprudenza
78%
Tipo Veleno / Terra
78%
Tasso di cattura 90 (20.1%)
67%
Pokémon Clodsire
67%
Tasso di allevamento Medio-Veloce
67%
Nessun quiz corrispondente trovato
Distribuzione punteggi
Percentuale di utenti per punteggio
Percentile per numero di risposta
I tuoi punteggi nel tempo
Non hai fatto questo quiz